LEADER 01097nam 2200337Ia 450 001 996391568803316 005 20221108033814.0 035 $a(CKB)1000000000677137 035 $a(EEBO)2240957547 035 $a(OCoLC)12255482 035 $a(EXLCZ)991000000000677137 100 $a19850711d1648 uy | 101 0 $aeng 135 $aurbn||||a|bb| 200 13$aAn account of Mr. Pryn's refutation of the University of Oxfords plea$b[electronic resource] $esent to a friend in a second letter from Oxford 210 $a[Oxford $cs.n.]$d1648 215 $a[2], 12 p 300 $aReproduction of original in Huntington Library. 300 $aAttributed to Robert Waring. cf. NUC pre-1956. 330 $aeebo-0113 607 $aGreat Britain$xPolitics and government$y1642-1649 700 $aWaring$b Robert$f1614-1658.$01003722 801 0$bEAA 801 1$bEAA 801 2$bm/c 801 2$bUMI 801 2$bWaOLN 906 $aBOOK 912 $a996391568803316 996 $aAn account of Mr. Pryn's refutation of the University of Oxfords plea$92378196 997 $aUNISA LEADER 01555nas 2200517- 450 001 996211251703316 005 20230227213019.0 011 $a1573-8809 035 $a(DE-599)ZDB1478734-9 035 $a(OCoLC)38273604 035 $a(CKB)954921411348 035 $a(CONSER)--2013236818 035 $a(EXLCZ)99954921411348 100 $a19980127a19939999 s-- a 101 0 $aeng 135 $aurmnu|||||||| 181 $ctxt$2rdacontent 182 $cc$2rdamedia 183 $acr$2rdacarrier 200 10$aJournal of real estate literature 210 1$a[Dordrecht] :$cKluwer Academic Publishers 210 31$a[London, England] :$cTaylor & Francis 311 $a0927-7544 517 1 $aJREL 531 $aJ REAL ESTATE LIT 531 0 $aJ. real estate lit. 606 $aReal estate business$vPeriodicals 606 $aReal estate business$vBibliography$vPeriodicals 606 $aImmobilier$vPériodiques 606 $aImmobilier$vBibliographie$vPériodiques 606 $aReal estate business$2fast$3(OCoLC)fst01090898 608 $aCzasopismo ekonomiczne.$2dbn 608 $aBibliographies.$2fast 608 $aPeriodicals.$2fast 615 0$aReal estate business 615 0$aReal estate business 615 6$aImmobilier 615 6$aImmobilier 615 7$aReal estate business. 676 $a333.33 712 02$aAmerican Real Estate Society, 712 02$aTaylor & Francis, 906 $aJOURNAL 912 $a996211251703316 996 $aJournal of real estate literature$91937392 997 $aUNISA